[Event "Lichtenrader Herbst 2017"]
[Site "Berlin"]
[Date "2017.10.31"]
[Round "4.19"]
[White "Mcgowan, Daniel"]
[Black "Reuter, Maximilian"]
[Result "1-0"]
[WhiteElo "2139"]
[BlackElo "1893"]
[PlyCount "117"]
[EventDate "2017.??.??"]

1. d4 d5 2. Nf3 Nc6 3. e3 Bg4 4. c4 e6 5. Qb3 Bb4+ 6. Bd2 a5 7. a3 a4 8. Qc2
Bf5 9. Bd3 Bxd3 10. Qxd3 Bxd2+ 11. Nbxd2 Nf6 12. O-O O-O 13. Rac1 Ne7 14. Rfd1
Qd6 15. e4 Qa6 16. Qe3 Rfe8 17. e5 Nd7 18. Qf4 h6 19. Qg4 dxc4 20. Rxc4 Nd5 21.
Rdc1 N7b6 22. R4c2 Qd3 23. Ne4 Nd7 24. Nc3 N7b6 25. Ne1 Qa6 26. Ne4 Nd7 27. Ng3
Kh8 28. Nh5 Rg8 29. Nf4 N7b6 30. Nf3 Raf8 31. Nxd5 Nxd5 32. Qe4 Qb5 33. h3 Rc8
34. Rd2 b6 35. Rdc2 c6 36. Nd2 Rc7 37. Nc4 Qb3 38. Nd6 Rf8 39. Qe2 Kg8 40. Rxc6
Rxc6 41. Rxc6 Rb8 42. Ne4 Rd8 43. Qc2 Qxc2 44. Rxc2 Kh7 45. Nd6 Kg6 46. g3 Rb8
47. Nb5 Kf5 48. Kf1 g5 49. Ke2 h5 50. Kd3 h4 51. Nc3 Rh8 52. Nxd5 hxg3 53. Ne3+
Kf4 54. fxg3+ Kf3 55. h4 gxh4 56. gxh4 Rxh4 57. Rc7 Rf4 58. Rc1 Kg3 59. Rf1 1-0

[Event "Lichtenrader Herbst 2017"]
[Site "Berlin"]
[Date "2017.10.31"]
[Round "4.20"]
[White "Piotrowski, Christopher"]
[Black "Riering, Berthold"]
[Result "1/2-1/2"]
[WhiteElo "2121"]
[BlackElo "1882"]
[PlyCount "63"]
[EventDate "2017.??.??"]

1. c4 e5 2. g3 Nf6 3. Bg2 d5 4. cxd5 Nxd5 5. Nc3 Nb6 6. Nf3 Nc6 7. O-O Be7 8.
a3 O-O 9. b4 Be6 10. Rb1 f6 11. d3 a5 12. b5 Nd4 13. Nd2 Qc8 14. e3 Nf5 15. Nf3
Rd8 16. Qc2 a4 17. Ne4 Qd7 18. d4 exd4 19. Nxd4 Nxd4 20. exd4 Bb3 21. Rxb3 axb3
22. Qxb3+ Kh8 23. Nc5 Qxd4 24. Ne6 Qc4 25. Qxc4 Nxc4 26. Nxd8 Rxd8 27. a4 b6
28. Bf4 Ne5 29. Rc1 Bd6 30. Be4 g5 31. Bxe5 Bxe5 32. Rc4 1/2-1/2

[Event "Lichtenrader Herbst 2017"]
[Site "Berlin"]
[Date "2017.10.31"]
[Round "4.21"]
[White "Ziese, Gerhard"]
[Black "Gebigke, Martin"]
[Result "0-1"]
[WhiteElo "1899"]
[BlackElo "2109"]
[PlyCount "48"]
[EventDate "2017.??.??"]

1. Nf3 Nf6 2. c4 e6 3. d4 d5 4. Nc3 dxc4 5. e3 a6 6. Bxc4 b5 7. Bd3 Bb7 8. O-O
c5 9. dxc5 Bxc5 10. Qe2 Nbd7 11. Rd1 O-O 12. b3 Qc7 13. Bb2 Rac8 14. Rac1 Qb8
15. Bb1 Rfd8 16. h3 Ba7 17. Ne1 Ne5 18. Nd3 Ng6 19. Qf1 Nh4 20. Ne1 Bxg2 21.
Qe2 Bxh3 22. Ne4 Ng4 23. Rxd8+ Rxd8 24. Ng3 Bxe3 0-1

[Event "Lichtenrader Herbst 2017"]
[Site "Berlin"]
[Date "2017.10.31"]
[Round "4.22"]
[White "Jaeschke, Jens-Uwe"]
[Black "Kreutz, Jonas"]
[Result "1-0"]
[WhiteElo "2107"]
[BlackElo "1876"]
[PlyCount "149"]
[EventDate "2017.??.??"]

1. Nf3 d5 2. c4 e6 3. g3 dxc4 4. Bg2 Nf6 5. O-O Be7 6. Qc2 a6 7. a4 Nbd7 8. Na3
Rb8 9. Nxc4 Nd5 10. d4 b6 11. e4 Nb4 12. Qe2 Bb7 13. Rd1 Nf6 14. Nfe5 Nc6 15.
Nxc6 Bxc6 16. d5 exd5 17. e5 Nd7 18. Bxd5 Bxd5 19. Rxd5 Qc8 20. Qg4 g6 21. e6
Nf6 22. exf7+ Kxf7 23. Ne5+ Kg7 24. Qf4 Qe6 25. Rd1 Rhd8 26. Bd2 Nh5 27. Qh6+
Kg8 28. Bc3 Bf8 29. Qg5 Be7 30. Qg4 Qxg4 31. Nxg4 Rxd1+ 32. Rxd1 Bd6 33. f4 Re8
34. Kf2 Kf7 35. Kf3 Ng7 36. Ne5+ Kf8 37. Nd7+ Ke7 38. Nxb6 cxb6 39. Bxg7 Rc8
40. Bc3 Ke6 41. Ke4 Be7 42. g4 Rc5 43. h3 b5 44. axb5 axb5 45. Kf3 Rc4 46. Re1+
Kf7 47. Re4 Rc7 48. f5 h5 49. fxg6+ Kxg6 50. gxh5+ Kh6 51. Re6+ Kh7 52. Rb6 b4
53. Bxb4 Bd8 54. Rg6 Rc2 55. Bc3 Rh2 56. Kg4 Rg2+ 57. Kf5 Rf2+ 58. Ke6 Re2+ 59.
Kd5 Bh4 60. Rg4 Bd8 61. Rg7+ Kh6 62. Rg8 Bh4 63. Rh8+ Kg5 64. h6 Re7 65. Bg7
Kg6 66. Rc8 Kh7 67. Rc4 Bg5 68. b4 Re3 69. h4 Be7 70. Rc7 Kg8 71. b5 Bxh4 72.
b6 Rb3 73. Kc6 Bd8 74. Be5 Rb1 75. h7+ 1-0

[Event "Lichtenrader Herbst 2017"]
[Site "Berlin"]
[Date "2017.10.31"]
[Round "4.23"]
[White "Krefenstein, Sergej"]
[Black "Schmalzried, Volker"]
[Result "1-0"]
[WhiteElo "2083"]
[BlackElo "1828"]
[PlyCount "77"]
[EventDate "2017.??.??"]

1. e4 c5 2. Nc3 Nc6 3. f4 g6 4. Nf3 Bg7 5. Bb5 d6 6. O-O Nf6 7. d3 O-O 8. Bxc6
bxc6 9. Qe1 Rb8 10. Qh4 a5 11. Rb1 Bd7 12. Bd2 Rb7 13. h3 h5 14. Kh1 Qc8 15.
Ne2 a4 16. Bc3 c4 17. Ng3 cxd3 18. cxd3 Nh7 19. f5 Bxc3 20. bxc3 Rxb1 21. Rxb1
e5 22. Nd2 d5 23. f6 Kh8 24. Kh2 Be6 25. Rb4 Qa6 26. exd5 cxd5 27. c4 dxc4 28.
dxc4 Qa5 29. a3 Bd7 30. Nge4 Bc6 31. c5 Qa8 32. Qg3 Rb8 33. Nd6 Kg8 34. Rxb8+
Qxb8 35. Qxe5 Nf8 36. Qe7 Bd5 37. c6 Qb2 38. c7 Qxd2 39. Qxf8+ 1-0

[Event "Lichtenrader Herbst 2017"]
[Site "Berlin"]
[Date "2017.10.31"]
[Round "4.24"]
[White "Arndt, Uwe"]
[Black "Knudsen, Jesper"]
[Result "0-1"]
[WhiteElo "1893"]
[BlackElo "2081"]
[PlyCount "148"]
[EventDate "2017.??.??"]

1. d4 Nf6 2. c4 c5 3. d5 b5 4. Nd2 bxc4 5. e4 c3 6. bxc3 g6 7. c4 d6 8. Bb2 Bg7
9. Qc2 O-O 10. h3 e5 11. Ne2 Nh5 12. g3 Nd7 13. Bg2 Nb6 14. O-O Bh6 15. Bc3 Ba6
16. Bf3 Qg5 17. Ba5 Nf4 18. Kh2 Nxe2 19. Bxe2 Qd8 20. Nb1 Rb8 21. Na3 Qd7 22.
Rab1 Bc8 23. Bg4 f5 24. exf5 gxf5 25. Bf3 e4 26. Bg2 Bg7 27. Rb3 Be5 28. f3 Qg7
29. fxe4 f4 30. Be1 Rb7 31. gxf4 Rxf4 32. Rxf4 Bxf4+ 33. Bg3 Qe5 34. Qf2 Bxg3+
35. Qxg3+ Qxg3+ 36. Kxg3 Rg7+ 37. Kf2 Kf7 38. Bf1 Bd7 39. Rf3+ Ke7 40. Nc2 Be8
41. Ne3 Bg6 42. Bd3 Nd7 43. Rf4 Rg8 44. h4 Ne5 45. Be2 Rb8 46. h5 Be8 47. Nf5+
Kd7 48. Ng7 Rb2 49. Rf8 Bf7 50. a3 Ke7 51. Rh8 Kf6 52. Rxh7 Bg6 53. hxg6 Kxg6
54. Rh8 Kxg7 55. Ra8 Nxc4 56. Rxa7+ Kf6 57. Ra4 Nb6 58. Ra7 Ke5 59. Re7+ Kd4
60. Kf3 Rb3+ 61. Kf4 Re3 62. Rb7 Rxe4+ 63. Kf3 Re3+ 64. Kf2 Nxd5 65. Rd7 Re6
66. Bg4 Rf6+ 67. Ke1 Ne3 68. Be2 Nc2+ 69. Kd2 Nxa3 70. Ra7 Nb1+ 71. Kc2 Nc3 72.
Bh5 c4 73. Kd2 d5 74. Ra3 Nb1+ 0-1

[Event "Lichtenrader Herbst 2017"]
[Site "Berlin"]
[Date "2017.10.31"]
[Round "4.25"]
[White "Federau, Juergen"]
[Black "Schmidt, Juergen"]
[Result "1/2-1/2"]
[WhiteElo "2059"]
[BlackElo "1841"]
[PlyCount "63"]
[EventDate "2017.??.??"]

1. d4 d5 2. c4 c6 3. Nf3 Nf6 4. Nc3 e6 5. e3 Nbd7 6. Bd3 dxc4 7. Bxc4 b5 8. Bd3
Bb7 9. O-O a6 10. a4 b4 11. Nb1 c5 12. Nbd2 cxd4 13. exd4 Be7 14. Qe2 O-O 15.
a5 Bd6 16. Nc4 Bc7 17. Rd1 Bd5 18. Bd2 Re8 19. h3 Bxc4 20. Bxc4 Bxa5 21. Ne5
Nxe5 22. dxe5 Nd5 23. Be1 Bc7 24. Bxb4 Qb8 25. Bxd5 exd5 26. Bc3 Bxe5 27. Bxe5
Rxe5 28. Qd2 h6 29. Ra5 Qd8 30. Rxd5 Rxd5 31. Qxd5 Qxd5 32. Rxd5 1/2-1/2

[Event "Lichtenrader Herbst 2017"]
[Site "Berlin"]
[Date "2017.10.31"]
[Round "4.26"]
[White "Fahland, Maximilian"]
[Black "Shpati, Ted"]
[Result "0-1"]
[WhiteElo "1889"]
[BlackElo "2048"]
[PlyCount "86"]
[EventDate "2017.??.??"]

1. d4 Nf6 2. Nf3 e6 3. g3 d5 4. Bg2 Be7 5. O-O O-O 6. c4 dxc4 7. Qc2 a6 8. Qxc4
b5 9. Qc2 Bb7 10. Bd2 Be4 11. Qc1 Qc8 12. Rd1 Nbd7 13. Ba5 c5 14. dxc5 Bxc5 15.
e3 Qb7 16. Nbd2 Bc6 17. b4 Bb6 18. Bxb6 Nxb6 19. Qb2 Rfd8 20. Ne1 Bxg2 21. Nxg2
Rac8 22. Nb3 Nc4 23. Qe2 Nd5 24. a3 Nc3 25. Rxd8+ Rxd8 26. Qc2 Ne4 27. a4 Ng5
28. axb5 axb5 29. Rd1 Nf3+ 30. Kh1 Rxd1+ 31. Qxd1 g6 32. Nd4 Nxd4 33. Qxd4 e5
34. Qd1 Qe4 35. h4 Kg7 36. Qd7 Qb1+ 37. Kh2 Qxb4 38. f4 Qb2 39. Qd3 Nd2 40. e4
b4 41. Kh3 Qd4 42. Qb5 Nxe4 43. fxe5 Qc3 0-1

[Event "Lichtenrader Herbst 2017"]
[Site "Berlin"]
[Date "2017.10.31"]
[Round "4.27"]
[White "Boettcher, Patrick"]
[Black "Bergmann, Jens"]
[Result "1-0"]
[WhiteElo "2044"]
[BlackElo "1790"]
[PlyCount "103"]
[EventDate "2017.??.??"]

1. Nf3 d6 2. c4 Nf6 3. Nc3 e5 4. g3 g6 5. Bg2 Bg7 6. O-O O-O 7. d4 exd4 8. Nxd4
Nbd7 9. h3 Re8 10. Re1 a6 11. Rb1 Rb8 12. b3 Ne5 13. Bb2 Bd7 14. a4 Nc6 15. Nc2
Ne5 16. e4 Nh5 17. Ne3 Be6 18. Kh2 Qg5 19. Ne2 Nc6 20. Bxg7 Nxg7 21. Nd5 Qd8
22. Qd2 Bxd5 23. cxd5 Ne5 24. f4 Nd7 25. Nd4 Re7 26. Rbc1 Nf6 27. Re3 Qd7 28.
Rce1 c5 29. dxc6 bxc6 30. Qc3 c5 31. Nc2 Nfe8 32. Rd3 Qc8 33. Ne3 Ne6 34. Nd5
Reb7 35. e5 dxe5 36. Qxe5 Rd7 37. f5 gxf5 38. Qxf5 Qd8 39. Be4 Nf8 40. Qg4+ Kh8
41. Bg2 Rb6 42. Rde3 Re6 43. Rxe6 Nxe6 44. Qf5 N6g7 45. Qe5 f6 46. Qe4 Qb8 47.
Qc2 Qd6 48. Nf4 Re7 49. Rd1 Qe5 50. Rd5 Qe1 51. Qxc5 Rc7 52. Qf8# 1-0

[Event "Lichtenrader Herbst 2017"]
[Site "Berlin"]
[Date "2017.10.31"]
[Round "4.28"]
[White "Huels, Maximilian"]
[Black "Feil, Stephan"]
[Result "1-0"]
[WhiteElo "1841"]
[BlackElo "2036"]
[PlyCount "63"]
[EventDate "2017.??.??"]

1. e4 e5 2. Nf3 Nf6 3. Nxe5 d6 4. Nf3 Nxe4 5. Nc3 Nxc3 6. dxc3 Be7 7. Bf4 Nc6
8. Qd2 Be6 9. O-O-O Qd7 10. Kb1 h6 11. h3 Bf6 12. g4 g5 13. Bg3 a6 14. Bd3
O-O-O 15. Rde1 Rhe8 16. Re2 Na5 17. Nd4 Nc4 18. Qc1 Bxd4 19. cxd4 Qc6 20. Rhe1
Bd5 21. b3 Nb6 22. c4 Rxe2 23. Rxe2 Bg2 24. Re7 Qf3 25. Bf5+ Kb8 26. Qe3 Qxe3
27. fxe3 Bxh3 28. Rxf7 Re8 29. e4 Bg2 30. e5 dxe5 31. Bxe5 Nc8 32. Rxc7 1-0

[Event "Lichtenrader Herbst 2017"]
[Site "Berlin"]
[Date "2017.10.31"]
[Round "4.29"]
[White "Hiebert, Kenji"]
[Black "Schmidt, Jevgen"]
[Result "1/2-1/2"]
[WhiteElo "2017"]
[BlackElo "1793"]
[PlyCount "52"]
[EventDate "2017.??.??"]

1. Nf3 Nf6 2. c4 d6 3. d4 g6 4. Nc3 Bg7 5. e4 O-O 6. Be2 e5 7. d5 a5 8. Bg5 h6
9. Bh4 Na6 10. Nd2 Nc5 11. b3 g5 12. Bg3 Nfxe4 13. Ncxe4 Nxe4 14. Nxe4 f5 15.
f3 fxe4 16. fxe4 Bd7 17. Bg4 Qc8 18. Bxd7 Qxd7 19. h4 g4 20. Bf2 Rf4 21. Qd3 h5
22. Be3 Rf7 23. O-O-O b6 24. Rhf1 Raf8 25. Bg5 Kh7 26. Qe2 Bh6 1/2-1/2

[Event "Lichtenrader Herbst 2017"]
[Site "Berlin"]
[Date "2017.10.31"]
[Round "4.30"]
[White "Tham, Minh"]
[Black "Albrecht, Rainer"]
[Result "0-1"]
[WhiteElo "1826"]
[BlackElo "2014"]
[PlyCount "58"]
[EventDate "2017.??.??"]

1. d4 d5 2. c4 e6 3. Nc3 Bb4 4. Qc2 dxc4 5. e3 b5 6. a4 c6 7. Nf3 Bb7 8. Bd2 a6
9. b3 cxb3 10. Qxb3 Be7 11. Be2 Nf6 12. O-O O-O 13. Rfc1 b4 14. Nd1 a5 15. Nb2
Nbd7 16. Nd3 Ne4 17. Qb2 c5 18. dxc5 Ndxc5 19. Nxc5 Nxc5 20. Nd4 Rc8 21. Be1 h6
22. Rd1 Qb6 23. f3 Rfd8 24. Bf2 Ba6 25. e4 Bxe2 26. Qxe2 Qb8 27. Rdc1 Rxd4 28.
Bxd4 Nb3 29. Rxc8+ Qxc8 0-1

[Event "Lichtenrader Herbst 2017"]
[Site "Berlin"]
[Date "2017.11.01"]
[Round "5.1"]
[White "Polatel, Ali"]
[Black "Ahmadinia, Ebrahim"]
[Result "0-1"]
[WhiteElo "2268"]
[BlackElo "2400"]
[PlyCount "82"]
[EventDate "2017.??.??"]

1. c4 Nf6 2. g3 g6 3. Bg2 Bg7 4. Nc3 O-O 5. e4 d6 6. d4 Nc6 7. Nf3 e5 8. d5 Nd4
9. Nxd4 exd4 10. Ne2 Re8 11. f3 c5 12. O-O b5 13. cxb5 a6 14. bxa6 Bxa6 15. Re1
Qb6 16. Kh1 Bc4 17. a3 Nd7 18. Nf4 Bb3 19. Qd2 c4 20. Qf2 d3 21. Be3 Qb5 22.
Bd4 Bc2 23. Bxg7 Kxg7 24. Qd4+ Kg8 25. Nh3 Rab8 26. f4 Qxb2 27. Qxc4 Rec8 28.
Qa6 d2 29. Rg1 d1=Q 30. Raxd1 Bxd1 31. Rxd1 Rc1 32. Qf1 Rxd1 33. Qxd1 Rc8 34.
Bf1 Rc1 35. Qf3 Nf6 36. Kg1 Qd4+ 37. Nf2 Re1 38. Qd3 Qxd3 39. Nxd3 Rxe4 40. Nb2
Nxd5 41. Nc4 Ne3 0-1

[Event "Lichtenrader Herbst 2017"]
[Site "Berlin"]
[Date "2017.11.01"]
[Round "5.2"]
[White "Kryakvin, Dmitry"]
[Black "Florstedt, Johannes"]
[Result "1-0"]
[WhiteElo "2583"]
[BlackElo "2243"]
[PlyCount "81"]
[EventDate "2017.??.??"]

1. Nf3 Nf6 2. c4 g6 3. g3 Bg7 4. Bg2 O-O 5. O-O c5 6. Nc3 d5 7. cxd5 Nxd5 8.
Nxd5 Qxd5 9. d3 Nc6 10. a3 Qd7 11. Rb1 a5 12. Be3 Nd4 13. Bxd4 cxd4 14. Nd2 a4
15. b4 axb3 16. Nc4 Rb8 17. Nb6 Qd6 18. Qxb3 Be6 19. Qb4 Be5 20. Rfc1 Rfd8 21.
Rc5 h5 22. a4 h4 23. a5 hxg3 24. hxg3 Kg7 25. Rb5 Qc7 26. Qc5 f6 27. Qxc7 Bxc7
28. Rc1 Bd6 29. Nc4 Bc7 30. Rcb1 Kf8 31. Bxb7 Bxc4 32. dxc4 d3 33. exd3 Rxd3
34. a6 Ra3 35. Rd1 Kg7 36. Rd7 Be5 37. c5 Rh8 38. Kg2 Ra1 39. c6 Rhh1 40. c7
Rhg1+ 41. Kh3 1-0

[Event "Lichtenrader Herbst 2017"]
[Site "Berlin"]
[Date "2017.11.01"]
[Round "5.3"]
[White "Danin, Alexandre"]
[Black "Biriukov, Nikolai"]
[Result "1/2-1/2"]
[WhiteElo "2554"]
[BlackElo "2400"]
[PlyCount "78"]
[EventDate "2017.??.??"]

1. e4 e5 2. Nf3 Nc6 3. d4 exd4 4. Nxd4 Nf6 5. Nxc6 bxc6 6. e5 Qe7 7. Qe2 Nd5 8.
c4 Nb6 9. Nd2 a5 10. g3 a4 11. Bg2 Ra5 12. O-O Rxe5 13. Qd3 Re1 14. b3 Rxf1+
15. Nxf1 Qf6 16. Rb1 Bc5 17. Be3 Bxe3 18. Nxe3 axb3 19. axb3 O-O 20. c5 Nd5 21.
Nxd5 cxd5 22. Qxd5 Re8 23. b4 c6 24. Qc4 Qe6 25. Qd3 Qg6 26. Qd1 h6 27. Bf1 d5
28. cxd6 Rd8 29. Rc1 Rxd6 30. Qf3 Bg4 31. Qf4 Rf6 32. Qe5 Qf5 33. Qxf5 Bxf5 34.
Bg2 Bd7 35. Rd1 Be8 36. f4 Kf8 37. Kf2 Ke7 38. Rc1 Re6 39. Bf3 Bd7 1/2-1/2

[Event "Lichtenrader Herbst 2017"]
[Site "Berlin"]
[Date "2017.11.01"]
[Round "5.4"]
[White "Stern, Rene"]
[Black "Weber, Max"]
[Result "1-0"]
[WhiteElo "2522"]
[BlackElo "2264"]
[PlyCount "145"]
[EventDate "2017.??.??"]

1. Nf3 Nf6 2. c4 g6 3. Nc3 d5 4. cxd5 Nxd5 5. h4 Bg7 6. e4 Nxc3 7. dxc3 Qxd1+
8. Kxd1 Nd7 9. Nd4 Nc5 10. f3 Bd7 11. Be3 Ne6 12. Nb3 a5 13. a4 f5 14. Bd3 Rf8
15. Kc2 Be5 16. Rhd1 Nf4 17. Bxf4 Bxf4 18. Nc5 O-O-O 19. exf5 gxf5 20. g4 fxg4
21. Nxd7 Rxd7 22. fxg4 e6 23. Rf1 Rfd8 24. Rf3 Kb8 25. Rg1 e5 26. Rg2 h6 27. g5
hxg5 28. hxg5 Re7 29. Be4 Red7 30. Rd3 Rxd3 31. Bxd3 Rd7 32. Bf5 Re7 33. Kd3 c6
34. Ke4 Kc7 35. g6 Bh6 36. Bg4 Kd8 37. Rh2 Bg7 38. Bf5 Rc7 39. Be6 Ke7 40. Kf5
Kf8 41. Rd2 Ke7 42. c4 b6 43. b3 Ra7 44. Rh2 Rb7 45. Re2 Kd6 46. Re1 Ra7 47.
Bf7 Rd7 48. Be6 Ra7 49. Rh1 Ke7 50. Rh7 Kf8 51. Ke4 Re7 52. Bg4 Bf6 53. Rh1 Bg7
54. Rd1 Ke8 55. Rd6 Rc7 56. Re6+ Kf8 57. Bf3 b5 58. axb5 cxb5 59. cxb5 Rc3 60.
Bd1 Rc1 61. Be2 Rc3 62. Bd1 Rc1 63. Rd6 Ke7 64. Rd5 Rc7 65. Bg4 Rc3 66. Rd3
Rxd3 67. Kxd3 Kd6 68. Ke4 Bh6 69. Be2 Ke6 70. b6 Kd7 71. Bb5+ Kc8 72. Bc6 Bg7
73. Kf5 1-0

[Event "Lichtenrader Herbst 2017"]
[Site "Berlin"]
[Date "2017.11.01"]
[Round "5.5"]
[White "Moeller, Hendrik"]
[Black "Kasparov, Sergey"]
[Result "0-1"]
[WhiteElo "2279"]
[BlackElo "2450"]
[PlyCount "100"]
[EventDate "2017.??.??"]

1. c4 c6 2. Nf3 Nf6 3. g3 d5 4. Bg2 Bg4 5. Ne5 Be6 6. cxd5 Bxd5 7. Nf3 c5 8.
Nc3 Bc6 9. O-O e6 10. Ne5 Bxg2 11. Kxg2 Nbd7 12. Nc4 Qc7 13. a4 a6 14. d3 Nb6
15. a5 Qc6+ 16. Kg1 Nxc4 17. dxc4 Be7 18. Bf4 O-O 19. Qa4 Rfd8 20. Qxc6 bxc6
21. f3 Ra7 22. Na4 Rb7 23. Rab1 Kf8 24. b3 Nd7 25. Rfd1 Ke8 26. Kf2 e5 27. Rxd7
Rbxd7 28. Bxe5 f6 29. Bf4 Rd1 30. Rb2 Ra1 31. Be3 Rdd1 32. Nc3 Rd7 33. Na4 Rb7
34. Nxc5 Bxc5 35. Bxc5 Rxa5 36. Be3 Ra3 37. b4 Ra4 38. Bc5 a5 39. Ke3 axb4 40.
Kd3 Kd7 41. h4 b3 42. e4 Ra2 43. Kc3 Rxb2 44. Kxb2 h5 45. g4 hxg4 46. fxg4 Ke6
47. Bd4 Rb4 48. Bc3 Rxc4 49. g5 Rxe4 50. gxf6 gxf6 0-1

[Event "Lichtenrader Herbst 2017"]
[Site "Berlin"]
[Date "2017.11.01"]
[Round "5.6"]
[White "Cusnariov, Nikolai"]
[Black "Starostits, Ilmars"]
[Result "0-1"]
[WhiteElo "2099"]
[BlackElo "2418"]
[PlyCount "140"]
[EventDate "2017.??.??"]

1. d4 d5 2. Nf3 Bf5 3. g3 c5 4. Bg2 Nc6 5. O-O e6 6. c4 dxc4 7. Qa4 Qa5 8. Qxc4
Qb4 9. Qxb4 Nxb4 10. Na3 Be4 11. Bd2 cxd4 12. Nxd4 Bxg2 13. Kxg2 Rd8 14. Nf3
Nf6 15. Nc4 Nc6 16. Rfd1 Bc5 17. Bg5 Ke7 18. Rac1 Rxd1 19. Rxd1 h6 20. Be3 Bxe3
21. Nxe3 Rc8 22. Nd4 Nb4 23. a3 Nbd5 24. Nxd5+ Nxd5 25. Rd2 Rc1 26. Rc2 Rd1 27.
e3 a6 28. Nb3 b6 29. Kf3 a5 30. Rc1 Rd3 31. Nd4 Rd2 32. Rc2 Rd1 33. Ke2 Rb1 34.
e4 Nf6 35. Nc6+ Kf8 36. f3 Nd7 37. Rd2 Ke8 38. f4 Rc1 39. Nd4 Nf6 40. Kd3 g5
41. f5 e5 42. Nf3 Nd7 43. g4 Ke7 44. Re2 f6 45. Kd2 Rf1 46. Ke3 Rb1 47. Ne1 Nc5
48. Nd3 Nxd3 49. Kxd3 Kd6 50. Kc4 Kc6 51. Kd3 Kb5 52. h3 Rc1 53. Kd2 Rh1 54.
Re3 Kc4 55. Rc3+ Kd4 56. Rb3 Rh2+ 57. Kc1 Kxe4 58. Rxb6 Rxh3 59. Rxf6 Kf4 60.
b4 Rxa3 61. Ra6 Rc3+ 62. Kd2 axb4 63. Ra4 Rc4 64. f6 Kxg4 65. f7 Rc8 66. Rxb4+
Kh5 67. Rb6 Rf8 68. Rf6 g4 69. Ke3 Kg5 70. Rf1 Kg6 0-1

[Event "Lichtenrader Herbst 2017"]
[Site "Berlin"]
[Date "2017.11.01"]
[Round "5.7"]
[White "Kalka, Arkadius Georg"]
[Black "Mueller, Nick"]
[Result "1-0"]
[WhiteElo "2329"]
[BlackElo "2268"]
[PlyCount "121"]
[EventDate "2017.??.??"]

1. c4 c6 2. Nf3 d5 3. g3 Nf6 4. Bg2 Bg4 5. Ne5 Be6 6. cxd5 Bxd5 7. Nf3 c5 8.
Nc3 Bc6 9. O-O e6 10. d3 Nbd7 11. e4 b5 12. d4 Nxe4 13. Nxe4 Bxe4 14. Re1 Bd5
15. Bg5 Nf6 16. dxc5 Bxc5 17. Bxf6 gxf6 18. Qe2 Qb6 19. a3 Rd8 20. b4 Be7 21.
Nh4 Bc4 22. Qe4 Rd2 23. Re3 Qd4 24. Qc6+ Kf8 25. Rae1 Rd1 26. Nf3 Qd6 27. Qa8+
Kg7 28. Qxa7 Rxe1+ 29. Rxe1 Rd8 30. Bf1 Bd5 31. Nh4 Rd7 32. Qd4 Qc6 33. Qg4+
Kh8 34. Qh5 Bf8 35. Bg2 Bg7 36. Rd1 Bxg2 37. Nxg2 f5 38. Rxd7 Qxd7 39. Qf3 Be5
40. Qe2 Qd5 41. Ne3 Qc6 42. Nxf5 Bf6 43. Ne3 Be5 44. Qd3 Bf6 45. h4 Kg7 46. Qe2
h6 47. Kh2 Kf8 48. Qd3 Qf3 49. Kg1 Qc6 50. Ng4 Bb2 51. Kh2 Kg7 52. Ne3 Qf3 53.
Kg1 Qh5 54. Kg2 Qe5 55. Kh2 Bd4 56. Ng4 Qd5 57. Qd2 h5 58. Qh6+ Kg8 59. Nf6+
Bxf6 60. Qxf6 Qd1 61. Qg5+ 1-0

[Event "Lichtenrader Herbst 2017"]
[Site "Berlin"]
[Date "2017.11.01"]
[Round "5.8"]
[White "Heinig, Wolfram"]
[Black "Lorenz, Sascha"]
[Result "1-0"]
[WhiteElo "2311"]
[BlackElo "2219"]
[PlyCount "87"]
[EventDate "2017.??.??"]

1. Nf3 d5 2. c4 d4 3. e3 Nc6 4. b4 Nxb4 5. exd4 e5 6. a3 e4 7. axb4 exf3 8.
Qxf3 Qxd4 9. Ra3 Qf6 10. Re3+ Be7 11. Qg3 Nh6 12. Bd3 O-O 13. c5 Nf5 14. Bxf5
Bxf5 15. Qxc7 Bxc5 16. bxc5 Bxb1 17. Qxb7 Rfb8 18. Qc7 Qa6 19. f3 Rc8 20. Qe5
Bg6 21. Kf2 f6 22. Qc3 Qc6 23. Ba3 Rd8 24. Bb4 Rd5 25. Ra1 a6 26. Re7 Bf7 27.
d4 Rad8 28. Ba5 R8d7 29. Rxd7 Rxd7 30. Bb6 Bd5 31. Rxa6 Re7 32. Bd8 Qxa6 33.
Bxe7 Qa2+ 34. Kg3 Bc6 35. Bd6 Bb5 36. Qe3 h5 37. h4 Bc6 38. Qf2 Qd5 39. Qd2 Qf5
40. Qa2+ Kh7 41. Qf7 Bd5 42. Qe8 Bc4 43. Qe4 Qg6+ 44. Kf4 1-0

[Event "Lichtenrader Herbst 2017"]
[Site "Berlin"]
[Date "2017.11.01"]
[Round "5.9"]
[White "Wierzbicki, Jirawat"]
[Black "Schmidek, Emil"]
[Result "0-1"]
[WhiteElo "2101"]
[BlackElo "2387"]
[PlyCount "54"]
[EventDate "2017.??.??"]

1. e4 e5 2. Nf3 Nc6 3. Bc4 Nf6 4. d3 Be7 5. O-O O-O 6. Re1 d6 7. a4 Kh8 8. c3
Ng8 9. d4 f5 10. dxe5 fxe4 11. Rxe4 Rxf3 12. gxf3 Bf5 13. Re1 Nxe5 14. Bd5 Qe8
15. Be4 Qh5 16. Nd2 Rf8 17. f4 Ng4 18. Nf1 Bh4 19. Bf3 Bxf2+ 20. Kh1 Bxe1 21.
Qxe1 Re8 22. Qg3 Be4 23. Bd2 N4f6 24. Bxe4 Nxe4 25. Qg2 Nxd2 26. Qxd2 Re2 27.
Qd3 Nf6 0-1

[Event "Lichtenrader Herbst 2017"]
[Site "Berlin"]
[Date "2017.11.01"]
[Round "5.10"]
[White "Rahls, Peter"]
[Black "Barath M"]
[Result "0-1"]
[WhiteElo "2156"]
[BlackElo "2378"]
[PlyCount "122"]
[EventDate "2017.??.??"]

1. e4 c5 2. Ne2 d6 3. Nbc3 Nf6 4. g3 Nc6 5. Bg2 h5 6. h3 g6 7. d3 Bg7 8. Bg5
Bd7 9. Nd5 Nh7 10. Bd2 e6 11. Ndc3 O-O 12. O-O Rb8 13. f4 f5 14. a4 a6 15. Qc1
b5 16. axb5 axb5 17. Nd1 Qb6 18. Kh2 Ra8 19. Rxa8 Rxa8 20. Ne3 Ra2 21. Nc3 Ra7
22. exf5 gxf5 23. Qd1 Nf6 24. g4 hxg4 25. hxg4 b4 26. g5 bxc3 27. gxf6 cxd2 28.
fxg7 Be8 29. Qxd2 Qxb2 30. Nxf5 exf5 31. Bd5+ Kxg7 32. Qg2+ Bg6 33. Bxc6 Qf6
34. Qg3 Kf8 35. Rb1 Rh7+ 36. Kg1 Be8 37. Bg2 Rg7 38. Qf3 Qd4+ 39. Kf1 Rg4 40.
Qh3 Rxf4+ 41. Bf3 Qf6 42. Ke2 Qh4 43. Qxh4 Rxh4 44. c4 Ke7 45. Kf2 Kf6 46. Rb8
Bg6 47. Kg3 Rd4 48. Rf8+ Kg5 49. Kf2 Rxd3 50. Bd5 Bh5 51. Rd8 Kf4 52. Rxd6 Bf3
53. Rd8 Bxd5 54. cxd5 Ke5 55. Re8+ Kxd5 56. Ke2 Rd4 57. Kf3 Kc4 58. Re1 f4 59.
Rc1+ Kb4 60. Rb1+ Ka3 61. Ke2 c4 0-1

[Event "Lichtenrader Herbst 2017"]
[Site "Berlin"]
[Date "2017.11.01"]
[Round "5.11"]
[White "Foerster, Jonas"]
[Black "Shpati, Ted"]
[Result "1/2-1/2"]
[WhiteElo "2268"]
[BlackElo "2048"]
[PlyCount "207"]
[EventDate "2017.??.??"]

1. d4 Nf6 2. Nf3 e6 3. c4 d5 4. Nc3 Be7 5. Bf4 O-O 6. e3 c5 7. dxc5 Bxc5 8. a3
Nc6 9. cxd5 exd5 10. Be2 a6 11. O-O Be6 12. Rc1 Ba7 13. Ne5 Rc8 14. Nxc6 Rxc6
15. Bf3 Qa5 16. Qd2 Rfc8 17. Rcd1 Rxc3 18. bxc3 Qxa3 19. Be5 Nd7 20. Bd4 Bb8
21. e4 Qd6 22. g3 dxe4 23. Bxe4 b5 24. Qg5 Qf8 25. Bb7 h6 26. Qe3 Re8 27. Rfe1
a5 28. f4 g6 29. Qf3 h5 30. Rb1 b4 31. cxb4 axb4 32. Bd5 Qd6 33. Rbd1 Nf8 34.
Bxe6 Rxe6 35. Rxe6 Qxe6 36. Bf2 Bc7 37. f5 Qxf5 38. Qxf5 gxf5 39. Rd5 f4 40.
Rxh5 Ng6 41. Rb5 fxg3 42. Bxg3 Bxg3 43. hxg3 Kg7 44. Kg2 Nf8 45. Rxb4 Ne6 46.
Kf3 Kg6 47. Rb6 Kg5 48. Rd6 Kf5 49. Rd5+ Kf6 50. Kg4 Kg6 51. Ra5 Nd4 52. Rg5+
Kf6 53. Rg8 Ne6 54. Kh4 Nd4 55. Kh5 Nf5 56. g4 Ng7+ 57. Kh6 Ne6 58. Ra8 Ke5 59.
Ra4 Kf6 60. Ra5 Ke7 61. g5 Kf8 62. Ra8+ Ke7 63. Ra6 Kd7 64. Ra5 Ke7 65. Rf5 Ke8
66. Rf2 Ke7 67. Rf6 Nf8 68. Kh5 Nd7 69. Ra6 Nf8 70. Kg4 Ng6 71. Rb6 Kf8 72. Kf5
Ne7+ 73. Ke5 Kg7 74. Rf6 Ng8 75. Ra6 Ne7 76. Rd6 Ng6+ 77. Ke4 Nh4 78. Rf6 Ng6
79. Kd5 Nf8 80. Ke4 Ng6 81. Kf5 Ne7+ 82. Kg4 Ng8 83. Ra6 Ne7 84. Ra7 Ng6 85.
Ra4 Ne5+ 86. Kf5 Ng6 87. Re4 Nf8 88. Re7 Ng6 89. Re8 Nh4+ 90. Kf4 Ng6+ 91. Kg4
Nf8 92. Ra8 Ng6 93. Ra6 Ne5+ 94. Kf5 Nd7 95. g6 fxg6+ 96. Rxg6+ Kf7 97. Rh6 Ke7
98. Rg6 Kf7 99. Re6 Nf8 100. Rd6 Ke7 101. Rh6 Nd7 102. Ke4 Nf6+ 103. Kd4 Ke6
104. Rxf6+ 1/2-1/2

[Event "Lichtenrader Herbst 2017"]
[Site "Berlin"]
[Date "2017.11.01"]
[Round "5.12"]
[White "Albrecht, Rainer"]
[Black "Brustkern, Juergen"]
[Result "1/2-1/2"]
[WhiteElo "2067"]
[BlackElo "2287"]
[PlyCount "50"]
[EventDate "2017.??.??"]

1. d4 g6 2. c4 Bg7 3. Nc3 Nf6 4. e4 d6 5. Nge2 O-O 6. Ng3 e5 7. d5 a5 8. Be2
Na6 9. h4 h5 10. Bg5 Qe8 11. Qd2 Kh7 12. f3 Ng8 13. Nf1 f6 14. Be3 f5 15. exf5
gxf5 16. g4 e4 17. gxf5 exf3 18. Bxf3 Bxf5 19. Ng3 Bg6 20. Nce4 Nc5 21. Ng5+
Kh8 22. O-O Qe5 23. Kg2 Rae8 24. Bxc5 dxc5 25. Ne6 Rf7 1/2-1/2